Statystyki dla Gwiezdne wojny ''Star Wars'' - Postacie po zdjęciach

Kliknij tutaj aby rozwiązać quiz!

Ogólne statystyki

  • Ten quiz został rozwiązany 1 344 razy
    (1 338 od ostatniego zresetowania)
  • Średni wynik to 20 z 24

Statystyki odpowiedzi

Odpowiedź% Poprawnych
Darth Vader
98%
Yoda
97%
Han Solo
96%
Luke Skywalker
95%
Anakin Skywalker
94%
Leia Organa
94%
C-3PO
93%
Bobba Fett
92%
R2-D2
90%
Darth Maul
89%
Obi-Wan Kenobi
88%
Kylo Ren
87%
Jabba Hutt
85%
Jar Jar Binks
85%
Rey Skywalker
85%
Chewbacca
82%
Królowa Amidala / Padmé
80%
Mace Windu
78%
Lando Calrissian
76%
Finn
75%
X-Wing
75%
Hrabia Dooku
72%
Imperator Sheev Palpatine
72%
Qui-Gon Jinn
56%

Rozkład punktacji

Percentyl według liczby udzielonych odpowiedzi

Procent ludzi z każdym wynikiem

Twoja historia wyników

Nie rozwiązałeś tego quizu od ostatniego zresetowania